书目信息 |
| 题名: |
地球是烫的
|
|
| 作者: | 李慧敏 编著 | |
| 分册: | ||
| 出版信息: | 北京 电子工业出版社 2011.2 |
|
| 页数: | 261页 | |
| 开本: | 24cm | |
| 丛书名: | ||
| 单 册: | ||
| 中图分类: | F061.3 | |
| 科图分类: | ||
| 主题词: | 节能--普及读物 | |
| 电子资源: | ||
| ISBN: | 978-7-121-12308-5 | |
| 000 | 00801nam0 2200229 45 | |
| 001 | 1360538093 | |
| 005 | 20130531101907.98 | |
| 010 | @a978-7-121-12308-5@dCNY36.00 | |
| 100 | @a20130513d2011 em y0chiy0110 ea | |
| 101 | 0 | @achi |
| 102 | @aCN@b110000 | |
| 105 | @ay z 000yy | |
| 106 | @ar | |
| 200 | 1 | @a地球是烫的@ADi Qiu Shi Tang De@f李慧敏等编著@FLi Hui Min Deng Bian Zhu |
| 210 | @a北京@c电子工业出版社@d2011.2 | |
| 215 | @a261页@d24cm | |
| 330 | @a本书共分上下两篇,共12章,上篇讲述了低碳概念的成因,以及高碳对未来人类的影响;下篇介绍了低碳与我们生活方方面面的联系,并介绍如何才能更经济地走向低碳、走向绿色健康的生活方式。 | |
| 606 | 0 | @a节能@j普及读物 |
| 690 | @aF061.3@v5 | |
| 701 | 0 | @a李慧敏@ALi Hui Min@4编著 |
| 801 | @aCN@bTANGWEI@c20130522 | |
| 905 | @b0834990-95@dF061.3@e108@f6 | |
| 地球是烫的/李慧敏等编著.-北京:电子工业出版社,2011.2 |
| 261页;24cm |
| ISBN 978-7-121-12308-5:CNY36.00 |
| 本书共分上下两篇,共12章,上篇讲述了低碳概念的成因,以及高碳对未来人类的影响;下篇介绍了低碳与我们生活方方面面的联系,并介绍如何才能更经济地走向低碳、走向绿色健康的生活方式。 |
| ● |
| 相关链接 |
|
|
|
|
正题名:地球是烫的
索取号:F061.3/108
 
预约/预借
| 序号 | 登录号 | 条形码 | 馆藏地/架位号 | 状态 | 备注 |
| 1 | 0834990 | 208349900 | 第一样本阅览室/ [索取号:F061.3/108] | 在馆 | |
| 2 | 0834991 | 208349919 | 第一借阅区/ [索取号:F061.3/108] | 在馆 | |
| 3 | 0834992 | 208349928 | 第一借阅区/ [索取号:F061.3/108] | 在馆 | |
| 4 | 0834993 | 208349937 | 第一借阅区/ [索取号:F061.3/108] | 在馆 | |
| 5 | 0834994 | 208349955 | 第一借阅区/ [索取号:F061.3/108] | 在馆 | |
| 6 | 0834994 | 208349946 | 第一借阅区/ [索取号:F061.3/108] | 在馆 |